La cultura del narcisismo / (Record no. 95248)
[ view plain ]
| 000 -LEADER | |
|---|---|
| fixed length control field | 00666cam a2200217 4500 |
| 008 - FIXED-LENGTH DATA ELEMENTS--GENERAL INFORMATION | |
| fixed length control field | 021108t19791979sp 000 0 spa u |
| 020 ## - INTERNATIONAL STANDARD BOOK NUMBER | |
| International Standard Book Number | 8489691975 |
| 050 00 - LIBRARY OF CONGRESS CALL NUMBER | |
| Classification number | HN65 |
| Item number | L37 1999 |
| 100 1# - MAIN ENTRY--PERSONAL NAME | |
| Personal name | Lasch, Christopher |
| 245 13 - TITLE STATEMENT | |
| Title | La cultura del narcisismo / |
| Statement of responsibility, etc | Christopher Lasch ; tr. Jaime Collyer. |
| 260 ## - PUBLICATION, DISTRIBUTION, ETC. (IMPRINT) | |
| Place of publication, distribution, etc | Barcelona : |
| Name of publisher, distributor, etc | Andrés Bello, |
| Date of publication, distribution, etc | 1999 |
| 300 ## - PHYSICAL DESCRIPTION | |
| Extent | 330 p. ; |
| Dimensions | 24 cm. |
| 500 ## - GENERAL NOTE | |
| General note | Rec. peop. esc. |
| 500 ## - GENERAL NOTE | |
| General note | Incluye índice |
| 504 ## - BIBLIOGRAPHY, ETC. NOTE | |
| Bibliography, etc | Bibliograf{grave}ia : p. 299-314 |
| 650 10 - SUBJECT ADDED ENTRY--TOPICAL TERM | |
| Topical term or geographic name as entry element | Valores |
| General subdivision | sociales |
| 651 ## - SUBJECT ADDED ENTRY--GEOGRAPHIC NAME | |
| Geographic name | Estados Unidos |
| General subdivision | Condici{grave}ones morales |
| 700 1# - ADDED ENTRY--PERSONAL NAME | |
| Personal name | Collyer, Jaime, tr. |
| 942 ## - ADDED ENTRY ELEMENTS (KOHA) | |
| Source of classification or shelving scheme | Biblioteca del Cogreso de los Estados Unidos |
| Koha item type | |
| Estado de pérdida | Fuente de clasificación | Estado del daño | No para préstamo | Ubicación permanente | Ubicación actual | Apartado o colección | Fecha de adquisición | Edición | Área del conocimiento | Clasificación | Código de Barras | Date last seen | Número de copia | Tipo de recurso |
|---|---|---|---|---|---|---|---|---|---|---|---|---|---|---|
| Biblioteca del Cogreso de los Estados Unidos | Biblioteca de la Facultad de Filosofía | Biblioteca de la Facultad de Filosofía | General | 04/11/2015 | 1a. ed. | Educación y Humanidades | HN65 L37 1999 | BFF000005345 | 04/11/2015 | c: 1 | Audio |